DDA report (Record no. 73956)

MARC details
000 -LEADER
fixed length control field 01543cam a2200265 4500
001 - CONTROL NUMBER
control field ABS67302
008 - FIXED-LENGTH DATA ELEMENTS--GENERAL INFORMATION
fixed length control field 031211n2003 000 0 eng u
035 ## - SYSTEM CONTROL NUMBER
System control number (Sirsi) u124612
100 ## - MAIN ENTRY--PERSONAL NAME
Personal name Munden, K.
245 ## - TITLE STATEMENT
Title DDA report
260 ## - PUBLICATION, DISTRIBUTION, ETC.
Date of publication, distribution, etc. 2003
490 ## - SERIES STATEMENT
Series statement Building Engineer
Volume/sequential designation 78(12) December 2003, 12-26(15)
520 ## - SUMMARY, ETC.
Summary, etc. Series of articles on the impact of the Disability Discrimination Act 1995 (DDA). "Act now - don't pay later" urges businesses and service providers to take urgent action to avoid penalties. "Why are security manufacturers ignoring the DDA?" looks at how the DDA affects building engineers. "Access solutions for the less abled" looks at the requirements of the DDA and lift provision. "Why is web accessibilty important to you?" deals with the design of websites with accessibility in mind. "Countdown to compliance" discusses when SMEs need to be prepared for the legislation. "A step closer to inclusive environments" discusses the issues of the DDA. "BS 8300: 2001, Part M etc and best practice:parameters for design and audit" looks at the legislation involved.
590 ## - LOCAL NOTE (RLIN)
Local note ABS
650 ## - SUBJECT ADDED ENTRY--TOPICAL TERM
Topical term or geographic name entry element DISABILITY DISCRIMINATION ACT 1995
650 ## - SUBJECT ADDED ENTRY--TOPICAL TERM
Topical term or geographic name entry element BS 8300: 2001
650 ## - SUBJECT ADDED ENTRY--TOPICAL TERM
Topical term or geographic name entry element BUILDING REGULATIONS 1991 APPROVED DOCUMENT M (2004 EDITION)
650 ## - SUBJECT ADDED ENTRY--TOPICAL TERM
Topical term or geographic name entry element MANAGEMENT-BUSINESS MANAGEMENT-DISCRIMINATION-DISABILITY DISCRIMINATION-ACCESSIBILITY
690 ## - LOCAL SUBJECT ADDED ENTRY--TOPICAL TERM (OCLC, RLIN)
Topical term or geographic name as entry element BUILT ENVIRONMENT-CONSTRUCTION DESIGN
700 ## - ADDED ENTRY--PERSONAL NAME
Personal name Falk, C.
700 ## - ADDED ENTRY--PERSONAL NAME
Personal name Moody, A.
700 ## - ADDED ENTRY--PERSONAL NAME
Personal name Barker, P.
700 ## - ADDED ENTRY--PERSONAL NAME
Personal name Barker, S.
942 ## - ADDED ENTRY ELEMENTS (KOHA)
Suppress in OPAC 0
Holdings
Withdrawn status Lost status Source of classification or shelving scheme Damaged status Not for loan Home library Current library Shelving location Date acquired Total Checkouts Full call number Barcode Date last seen Copy number Price effective from Koha item type
    Dewey Decimal Classification     London London Journal article 11/12/2003   ABS67302 124612-1001 06/08/2019 1 06/08/2019 Journal article